000 00613nam a2200229Ia 4500
003 OSt
005 20220923230355.0
006 a|||||r|||| 00| 0
007 ta
008 Pun
024 _a279,907
037 _cTextual
040 _aARTS
_cARTS
_bPun
041 _2Pun
_aPun
082 _aO153,1NPR3x, M0
100 _aਅਬੋਹਰਵੀ, ਪ੍ਰੇਮ
_9156369
245 0 _aਨੂਰ ਦਹ ਬੁੱਕ
260 _c1980
650 _aਪੰਜਾਬੀ ਸਾਹਿਤ
942 _hO153,1NPR3x, M0
_cTEXL
_2CC
999 _c384354
_d384354